Представление документа в формате RUSMARC

Поле Инд. ПП Название Значение
Тип записи a
Библиографический уровень a
001 Контрольный номер b0e11b67f1d249f5a5f7f65cffeba004
005 Дата корректировки 20181120134552.1
100 a Данные общей обработки 20180816 ||| 0rusy0189 ca
101 0_ a Язык текста rus
102 a Страна публикации RU
200 1_ f Первые сведения об ответственности Е.И. Алексеевская
a Заглавие Математическое моделирование судебной системы
210 d Дата издания 2018
461 _0 1 2000
a Право и экономика
463 _0 1 2000
a №3
v С. 73-78
1 2101
d 2018
1 0014e42061029264a2d8bd8ffccf41e27c0
606 a Основная рубрика Правоохранительные и судебные органы
610 0_ a Ключевые слова СУДЕБНАЯ РЕФОРМА
a Ключевые слова СУДЕБНАЯ СИСТЕМА
a Ключевые слова ФИНАНСИРОВАНИЕ
700 _1 a Фамилия Алексеевская
b Имя Е.И.
801 _0 a Страна RU
b Организация РГУП
c Дата составления 20180816
g Правила каталогизации PSBO
801 _1 a Страна RU
b Организация РГУП
c Дата составления 20180816
g Правила каталогизации PSBO
901 t Тип документа b
w Контрольный № источника 4e42061029264a2d8bd8ffccf41e27c0
905 a Дата ввода 20180816